LEADER 01574nam 2200349z- 450 001 9910689895003321 005 20161209104053.0 035 $a(CKB)5860000000030516 035 $a(BIP)011223069 035 $a(EXLCZ)995860000000030516 100 $a20220406c2004uuuu -u- - 101 0 $aeng 200 10$aOversight of the Federal Employees Health Benefits Program and the Federal Long-Term Care Insurance Program $ehearing before the Subcommittee on Civil Service and Agency Organization of the Committee on Government Reform, House of Representatives, One Hundred Eighth Congress, second session, March 24, 2004 215 $a1 online resource (iii, 123 p.) 311 $a0-16-073522-X 517 $aOversight of the Federal Employees Health Benefits Program and the Federal Long-Term Care Insurance Program 606 $aGovernment employees' health insurance$zUnited States 606 $aGovernment employees' long-term care insurance$zUnited States 606 $aEmployee fringe benefits$zUnited States 610 $aUnited States 610 $aGovernment insurance 610 $aCivil service 610 $aEmployee fringe benefits 610 $aPolitical science 610 $aBusiness & economics 615 0$aGovernment employees' health insurance 615 0$aGovernment employees' long-term care insurance 615 0$aEmployee fringe benefits 906 $aBOOK 912 $a9910689895003321 996 $aOversight of the Federal Employees Health Benefits Program and the Federal Long-Term Care Insurance Program$93127771 997 $aUNINA